000 01023cam a2200313 4500
008 090401t1998 xxu||||| |||| 00| 0 eng d
020 _a0854068619
035 _a(Sirsi) u82892
041 _aeng
050 _a711.4
110 _aRoyal Institution of Chartered Surveyors
_94900
245 _aRecycling rubble : the impact of land use planning policies and practices on waste recycling for the construction industry.
260 _aLondon
_bRICS
_c1998
300 _av,140p. ; 30cm.
350 _a19.95
520 _aA research project commissioned by the RICS and undertaken by Wardell Armstrong.
650 _aLAND USE PLANNING
650 _aLOCAL PLANNING AUTHORITIES
650 _aLOCAL DEVELOPMENT PLANS
650 _aMINERAL WASTES
650 _aMINERALS PLANNING GUIDANCE
650 _aRECYCLING
650 _aRICS MINERALS POLICY PANEL
650 _aSUSTAINABLE WASTE MANAGEMENT
690 _aPLANNING LAW AND PRACTICE
710 _aWardell Armstrong
942 _n0
948 _c24/12/1997
999 _c96844
_d96844